SARKAR LAW OF EVIDENCE (Record no. 216872)
[ view plain ]
| 000 -LEADER | |
|---|---|
| fixed length control field | 00604nam a22001817a 4500 |
| 008 - FIXED-LENGTH DATA ELEMENTS--GENERAL INFORMATION | |
| fixed length control field | 260325b |||||||| |||| 00| 0 eng d |
| 020 ## - INTERNATIONAL STANDARD BOOK NUMBER | |
| International Standard Book Number | 978-93-8999-147-5 |
| 050 ## - LIBRARY OF CONGRESS CALL NUMBER | |
| Classification number | KNC 486 .S 27 2021 V. 2 |
| 100 ## - MAIN ENTRY--PERSONAL NAME | |
| Personal name | SARKAR, SUDIPTO |
| 245 ## - TITLE STATEMENT | |
| Title | SARKAR LAW OF EVIDENCE |
| Remainder of title | IN INDIA, PAKISTAN, BANGLADESH, BURMA, CEYLON, MALAYSIA AND SINGAPORE |
| 250 ## - EDITION STATEMENT | |
| Edition statement | 20TH ED |
| 260 ## - PUBLICATION, DISTRIBUTION, ETC. | |
| Place of publication, distribution, etc. | HARYANA, |
| Name of publisher, distributor, etc. | LEXISNEXIS, |
| Date of publication, distribution, etc. | 2021, |
| 300 ## - PHYSICAL DESCRIPTION | |
| Extent | DXLII,2065-3508 P, ILL |
| 650 ## - SUBJECT ADDED ENTRY | |
| Topical term or geographic name entry element | 1. EVIDENCE (LAW) -SOUTH EAST ASIA 2. EVIDENCE (LAW) SOUTH EAST ASIA |
| 700 ## - ADDED ENTRY--PERSONAL NAME | |
| Personal name | RAO, V. KESAVA |
| 942 ## - ADDED ENTRY ELEMENTS (KOHA) | |
| Source of classification or shelving scheme | Library of Congress Classification |
| Koha item type | Long Loan Book |
| Withdrawn status | Lost status | Source of classification or shelving scheme | Damaged status | Not for loan | Collection | Home library | Current library | Shelving location | Date acquired | Inventory number | Total checkouts | Full call number | Barcode | Date last seen | Copy number | Price effective from | Koha item type |
|---|---|---|---|---|---|---|---|---|---|---|---|---|---|---|---|---|---|
| Library of Congress Classification | Law | Kisii University Library | Kisii University Library | On Display | 03/25/2026 | 112602 | KNC 486 .S27 2021 V.2 | A000570 | 03/25/2026 | 1 | 03/25/2026 | Long Loan Book | |||||
| Library of Congress Classification | Law | Kisii University Library | Kisii University Library | On Display | 03/25/2026 | 112603 | KNC 486 .S27 2021 V.2 | A000568 | 03/25/2026 | 2 | 03/25/2026 | Long Loan Book | |||||
| Library of Congress Classification | Law | Kisii University Library | Kisii University Library | On Display | 03/25/2026 | 112604 | KNC 486 .S27 2021 V.2 | A000567 | 03/25/2026 | 3 | 03/25/2026 | Long Loan Book |